<?xml version="1.0" encoding="UTF-8"?><?xml-stylesheet type="text/xsl" href="static/style.xsl"?><OAI-PMH xmlns="http://www.openarchives.org/OAI/2.0/" xmlns:xsi="http://www.w3.org/2001/XMLSchema-instance" xsi:schemaLocation="http://www.openarchives.org/OAI/2.0/ http://www.openarchives.org/OAI/2.0/OAI-PMH.xsd"><responseDate>2026-04-28T19:29:07Z</responseDate><request verb="GetRecord" identifier="oai:uvadoc.uva.es:10324/31439" metadataPrefix="marc">https://uvadoc.uva.es/oai/request</request><GetRecord><record><header><identifier>oai:uvadoc.uva.es:10324/31439</identifier><datestamp>2021-11-15T10:06:54Z</datestamp><setSpec>com_10324_38</setSpec><setSpec>col_10324_852</setSpec></header><metadata><record xmlns="http://www.loc.gov/MARC21/slim" xmlns:doc="http://www.lyncode.com/xoai" xmlns:xsi="http://www.w3.org/2001/XMLSchema-instance" xmlns:dcterms="http://purl.org/dc/terms/" xsi:schemaLocation="http://www.loc.gov/MARC21/slim http://www.loc.gov/standards/marcxml/schema/MARC21slim.xsd">
<leader>00925njm 22002777a 4500</leader>
<datafield tag="042" ind1=" " ind2=" ">
<subfield code="a">dc</subfield>
</datafield>
<datafield tag="720" ind1=" " ind2=" ">
<subfield code="a">González Díez, Inés</subfield>
<subfield code="e">author</subfield>
</datafield>
<datafield tag="260" ind1=" " ind2=" ">
<subfield code="c">2018</subfield>
</datafield>
<datafield tag="520" ind1=" " ind2=" ">
<subfield code="a">A lo largo de estas páginas se analiza el fenómeno de la trata de seres humanos, la&#xd;
esclavitud y las prácticas análogas a esta. Así mismo, se complementa la definición&#xd;
doctrinal de estas figuras con sus previsiones normativas, a la vez que se incluyen&#xd;
informes, cifras y casos reales a título ejemplificativo.&#xd;
Además, se estudia la evolución de la esclavitud a lo largo de la historia y los&#xd;
instrumentos legislativos más relevantes. También se tiene en cuenta la jurisprudencia&#xd;
existente sobre la materia, incluyendo tanto sentencias que ilustran casos reales de&#xd;
explotación, como aquellas que han ayudado a perfilar el concepto jurídico de&#xd;
esclavitud.&#xd;
Para finalizar se realiza un breve análisis sobre cuáles son las causas que motivan esta&#xd;
forma de explotación. Todo ello con un objetivo fundamental: demostrar que la&#xd;
esclavitud moderna existe.</subfield>
</datafield>
<datafield tag="024" ind2=" " ind1="8">
<subfield code="a">http://uvadoc.uva.es/handle/10324/31439</subfield>
</datafield>
<datafield tag="245" ind1="0" ind2="0">
<subfield code="a">La trata de seres humanos y la moderna esclavitud</subfield>
</datafield>
</record></metadata></record></GetRecord></OAI-PMH>